00657 2200229 4500001002100000005001500021035002000036007000300056008004100059020002200100082001000122084001600132100002100148245008600169260003000255300003500285650003300320700002100353504003100374990001100405990001100416INLIS00000000000371420190711030344 a0010-0719000132ta190711 g 0 ind  a978-979-29-6560-5 a610.6 a610.6 HEN p0 aHENI, Trisnowati1 aPerencanaan Program Promosi Kesehatan /cHeni Trisnowati; editor, Putri Christian aYogyakarta :bAndi,c2018 axvii, 299 hlm :bilus ;c23 cm 4aKESEHATAN. PROMOSI KESEHATAN0 aPUTRI, Christian aBibliografi.: hlm. 293-299 a6895 a a6895 b